000
00262nam a2200121Ia 4500
100
_a
Olariu
942
_c
RB
366
_f
20
245
_a
Handbook of Bioinspired Algorithms applications
260
_b
CRC Press
546
_a
ENGLISH
_c
electronics
999
_c
23366
_d
23366